Lego Colors - Past and Present - Statistics

General Stats
  • This quiz has been taken 19 times
  • The average score is 27 of 68
Answer Stats
Color % Correct
Blue
100%
Black
92%
Brown
92%
Brown
92%
Green
92%
Grey
92%
Light
92%
Purple
92%
Red
92%
White
92%
Yellow
92%
Dark
83%
Orange
83%
Pink
83%
Tan
67%
Gold
58%
Silver
58%
Silver
58%
Bright
50%
Sand
50%
Bluish
42%
Copper
42%
Neon
42%
Transparent
42%
Transparent
42%
Lavender
33%
Medium
33%
Nougat
33%
Reddish
33%
Rose
33%
Violet
33%
Aqua
25%
Brick
25%
Metallic
25%
Ochre
25%
Olive
25%
Royal
25%
Sienna
25%
Stone
25%
Army
17%
Azure
17%
Cool
17%
Diffuse
17%
Dove
17%
Drum Lacquered
17%
Earth
17%
Flame
17%
Flip/Flop
17%
Fluorescent
17%
Glow
17%
Ink
17%
Lilac
17%
Pastel
17%
Phosphorescent
17%
Rust
17%
Spring
17%
Tiny
17%
Titanium
17%
Umber
17%
Warm
17%
with Glitter
17%
with Opalescence
17%
Yellowish
17%
Coral
8%
Curry
8%
Lemon
8%
Nature
8%
Vibrant
8%
No matching quizzes found
Score Distribution
Percent of People with Each Score
Percentile by Number Answered
Your Score History
You have not taken this quiz